000
00338nam a22001457a 4500
008
230612b ||||| |||| 00| 0 eng d
020
_a
9780826122421
041
_a
eng
080
_a
610.73
082
_a
610.73DAL
100
_a
8
101
_a
INF
245
_a
SIMULATION SCENARIOS FOR NURSE EDUCATORS
_c
DALEY .M.K
942
_2
udc
_c
BK
999
_c
59927
_d
59927